| 000 | 00873nam a2200253Ia 4500 | ||
|---|---|---|---|
| 001 | dia_2002 | ||
| 003 | CHAP | ||
| 005 | 20251023170600.0 | ||
| 008 | 220117s1997 xx 000 0 und d | ||
| 010 | _a172539 | ||
| 040 | _cCHAP | ||
| 082 | _a634.425 S5 | ||
| 100 | 1 |
_aSchwentesius Rinderman, Rita _9151302 |
|
| 245 |
_aEl Maracuyá-Fruta de la Pasión, Situación y Tendencias de la Producción y el Comercio en México y en el Mundo / _c por Rita Schwentesius Rinderman |
||
| 260 |
_aChapingo, México : _b UACh. CIESTAAM, _c1997 |
||
| 300 | _a245 p. | ||
| 400 | _aESTRUCTURA Y DINÁMICA DE LOS SISTEMAS AGROINDUSTRIALES | ||
| 650 |
_a1.Granada china _xrendimiento/ _9152038 |
||
| 650 |
_aGranada china _xmercado. _9152039 |
||
| 901 | _a634.425 S5 | ||
| 902 | _aM | ||
| 905 | _a0000001997 MEXA 0000000000ESP00 | ||
| 942 |
_cLIBRO _2ddc |
||
| 999 |
_c172539 _d172539 |
||